000 01454nam a2200433 i 4500
001 54708
003 KOSZ 005
005 20200810120258.0
008 080407s2008 pl a f f |001 0 pol
015 _aPB 2008/9915
020 _a9788320433326
035 _a(OCoLC)749680044
040 _aWA N
_cWA N
_dKOSZ 005/HR
041 1 _apol
_heng
046 _k2004
080 _a57.087
080 _a(075.8)
245 0 0 _aBiometria /
_cRuud M. Bolle [et al.] ; z ang. przeł. Mirosław Korzeniowski.
246 1 _iTyt. oryg.:
_aGuide to biometrics,
_f2004.
260 _aWarszawa :
_bWydawnictwa Naukowo-Techniczne,
_c2008.
300 _aXXXII, 407, [1] s. :
_bil. ;
_c24 cm.
336 _2rdacontent
_aTekst
_btxt
337 _2rdamedia
_aBez urządzenia pośredniczącego
_bn
338 _2rdacarrier
_aWolumin
_bnc
380 _aKsiążki
388 _a2001-
490 1 _aTAO Tajemnica, Atak, Obrona.
504 _aBibliogr. s. 375-392. Indeks.
521 _aPodręcznik akademicki.
650 4 _aBiometria
658 _aBiologia
655 4 _aPodręczniki akademickie
700 1 _aBolle, Ruud M.
_eAutor
700 1 _aKorzeniowski, Mirosław.
_eTłumaczenie
710 2 _aWydawnictwa Naukowo-Techniczne
_4pbl.
856 _uhttp://koha.tu.koszalin.pl/cgi-bin/koha/opac-detail.pl?biblionumber=54708
_yKatalog online BPK
830 0 _aTAO Tajemnica, Atak, Obrona
942 _2UKD
_cKS
999 _c54708
_d54708